000 00249nam a2200097Ia 4500
001 1253365
005 20251031150952.0
008 251031s9999 xx 000 0 und d
245 0 _cERHAN AKMAN
_aY-4 SELÇUKLU KARTALI
260 _bÇINARALTI YAYINLARI
999 _c1253365
_d1253365